| 000 | 00499nam a2200193Ia 4500 | ||
|---|---|---|---|
| 003 | GCL | ||
| 008 | 140319s9999 xx 000 0 eng d | ||
| 040 |
_aGCL / _cGCL |
||
| 082 | 0 | 4 |
_a155.8952 _bR J |
| 100 | 1 | _aROSENBERGER, NANCY R. | |
| 245 | 1 | 0 |
_aJAPANESE SENSE OF SELF / _cROSENBERGER, NANCY R. |
| 260 |
_a[S.N] : _bCAMBRIDGE ، _c1992 |
||
| 300 | _a176 P | ||
| 650 | 0 | 4 | _aSOCIAL PERCEPTION |
| 650 | 0 | 4 | _aJAPAN - CULTURE |
| 650 | 0 | 4 | _aJAPAN |
| 650 | 0 | 4 | _aSELF - PERCEPTION |
| 942 |
_2ddc _cBK |
||
| 999 |
_c23695 _d23695 |
||